000 00610nam a2200193 i 4500
001 111095
003 ES-MaACL
005 20250808012058.0
007 t|
008 061121s1969 sp |||| | spa d
100 1 _aO'Keefe, Mauren.
_986336
245 1 3 _aEl amor cristiano en la vida religiosa /
_cMauren O'Keefe ; versión de José J. Martínez Aduriz.
260 _aBilbao :
_bMensajero,
_c1969.
300 _a228 p. ;
_c20 cm.
650 7 _aVida monástica y religiosa femenina
_2embne
_9155560
700 1 _aMartínez Aduriz, José.
_977820
852 _aES-MaACL
_jC-50377
999 _c111095
_d111095